[Event "A Slow, Leisurely Stroll Through the World of Ches"]
[Site "SchemingMind.com"]
[Date "2009.08.08"]
[Round "-"]
[White "fishofchaos"]
[Black "e_castle3"]
[Result "1-0"]
[WhiteCountry "ENG"]
[BlackCountry "PHI"]
[WhiteElo "1912"]
[WhiteRD "75"]
[BlackElo "1747"]
[BlackRD "69"]
[GameID "215100"]

1. d4 d5 2. c4 c6 3. Nf3 e6 4. Nbd2 Nd7 5. e4 dxe4 6. Nxe4 Ngf6 7. Bd3 Be7 8. O-O O-O 9. Qe2 Qc7 10. Be3 b6
11. g3 Bb7 12. Bf4 Qc8 13. Nd6 Bxd6 14. Bxd6 Re8 15. b4 c5 16. dxc5 Qc6 17. b5 Qxf3 18. c6 Bxc6 19. bxc6 Qxc6 20. Bf4 Nc5
21. Bc2 h6 22. a4 a5 23. Ra3 Rad8 24. Be5 Nfd7 25. Bb2 f5 26. Re1 Nf8 27. Qe5 Qb7 28. Bd4 Ng6 29. Qe3 Qc6 30. Raa1 Qc8
31. Rab1 e5 32. Bxc5 bxc5 33. Rb5 Rd4 34. Qa3 e4 35. Rxc5 Qe6 36. Rxa5 Ne5 37. Kg2 Qb6 38. Rb5 Qa7 39. Rd1 Nxc4 40. Qb3 Kh8
41. Rxd4 Qxd4 42. Rxf5 e3 43. Qb5 Rc8 44. Qc6 Rd8 45. Qg6 Kg8 46. Qf7+
1-0

[Event "A Slow, Leisurely Stroll Through the World of Ches"]
[Site "SchemingMind.com"]
[Date "2009.08.07"]
[Round "-"]
[White "fishofchaos"]
[Black "agarr"]
[Result "1/2-1/2"]
[WhiteCountry "ENG"]
[BlackCountry "RUS"]
[WhiteElo "1947"]
[WhiteRD "75"]
[BlackElo "1758"]
[BlackRD "78"]
[GameID "215101"]

1. d4 b6 2. e4 Bb7 3. Bd3 Nf6 4. Qe2 g6 5. Nf3 Bg7 6. c4 O-O 7. Nc3 d6 8. O-O Nbd7 9. Rd1 Re8 10. Bf4 e5
11. dxe5 dxe5 12. Be3 Qc8 13. h3 c5 14. Bc2 Bc6 15. Rd6 Qb7 16. Rad1 Bf8 17. R6d2 a6 18. a4 Rad8 19. b3 Qc8 20. Bg5 Be7
21. Bh6 Bf8 22. Bxf8 Rxf8 23. Nd5 Nxd5 24. cxd5 Bb7 25. Qe3 Kg7 26. Rc1 Qb8 27. a5 b5 28. Bd1 Qc7 29. b4 c4 30. Bc2 Qd6
31. Qc3 Rfe8 32. Ng5 h6 33. Nf3 Nf6 34. Re2=
1/2-1/2

[Event "A Slow, Leisurely Stroll Through the World of Ches"]
[Site "SchemingMind.com"]
[Date "2009.08.07"]
[Round "-"]
[White "fishofchaos"]
[Black "norlavuaram"]
[Result "1-0"]
[WhiteCountry "ENG"]
[BlackCountry "PER"]
[WhiteElo "1941"]
[WhiteRD "77"]
[BlackElo "1794"]
[BlackRD "87"]
[GameID "215102"]

1. d4 Nf6 2. c4 g6 3. Nc3 Bg7 4. e4 d6 5. Be2 O-O 6. Nf3 e5 7. O-O Nc6 8. d5 Ne7 9. b4 Nd7 10. a4 f5
11. Ng5 Nf6 12. Bf3 h6 13. Ne6 Bxe6 14. dxe6 f4 15. b5 Qe8 16. Be2 h5 17. f3 g5 18. Nd5 Nexd5 19. cxd5 Qe7 20. Bd2 Bh6
21. Rc1 Kh7 22. Rc4 Rg8 23. Qc2 Rg7 24. Rc1 Rc8 25. Kh1 g4 26. Qd1 gxf3 27. Bxf3 Ng4 28. Qe1 Qg5 29. a5 h4 30. b6 h3
31. gxh3 Nxh2 32. Kxh2 Rcg8 33. bxc7 Qg3+ 34. Qxg3 fxg3+ 35. Kg2 Bxd2 36. c8=Q Bxc1 37. Qxg8+ Rxg8 38. Rxc1 Rg7 39. Bg4 Re7 40. Kxg3 Kg6
41. h4 Kh6 42. Rc8 Kg7 43. h5 b6 44. axb6 axb6 45. Rc6 b5 46. Rxd6
1-0

[Event "A Slow, Leisurely Stroll Through the World of Ches"]
[Site "SchemingMind.com"]
[Date "2009.08.07"]
[Round "-"]
[White "fishofchaos"]
[Black "Ivancic"]
[Result "1-0"]
[WhiteCountry "ENG"]
[BlackCountry "AUS"]
[WhiteElo "1947"]
[WhiteRD "75"]
[BlackElo "1943"]
[BlackRD "75"]
[GameID "215103"]

1. d4 Nf6 2. c4 e6 3. Nc3 Bb4 4. e3 b6 5. f3 Bxc3+ 6. bxc3 Bb7 7. Bd3 d6 8. Ne2 e5 9. e4 c5 10. d5 Nbd7
11. Ng3 Qc7 12. O-O O-O-O 13. a4 a5 14. Nf5 g6 15. Nh6 Rdf8 16. Be3 Ng8 17. Qd2 f6 18. Rab1 Nxh6 19. Bxh6 Rf7 20. Be3 f5
21. f4 fxe4 22. Bxe4 exf4 23. Bxf4 Re7 24. Bd3 Kb8 25. Bg5 Ree8 26. Rf7 Ref8 27. Re7 Re8 28. Rbe1 Rxe7 29. Rxe7 Ka7 30. Qf4 Bc8
31. Qf7 Kb7 32. Qg7 Qd8 33. Rxd7+ Qxd7 34. Qxh8 Qg4 35. Qxh7+ Ka6 36. Qxg6 Qd1+ 37. Bf1 Qxa4 38. Qxd6 Qd1 39. Bd8 Qb3 40. Qc7 Bb7
41. d6 a4 42. d7 a3 43. Qxb6+ Qxb6 44. Bxb6
1-0

[Event "A Slow, Leisurely Stroll Through the World of Ches"]
[Site "SchemingMind.com"]
[Date "2009.08.07"]
[Round "-"]
[White "fishofchaos"]
[Black "tyler_ensor"]
[Result "1-0"]
[WhiteCountry "ENG"]
[BlackCountry "CAN"]
[WhiteElo "1912"]
[WhiteRD "75"]
[BlackElo "1788"]
[BlackRD "64"]
[GameID "215104"]

1. d4 d5 2. c4 e6 3. Nf3 Nf6 4. Nc3 c5 5. cxd5 Nxd5 6. e4 Nxc3 7. bxc3 cxd4 8. cxd4 Bb4+ 9. Bd2 Bxd2+ 10. Qxd2 Nd7
11. Bd3 b6 12. O-O O-O 13. Rac1 Bb7 14. Qf4 Rc8 15. Rxc8 Qxc8 16. Rc1 Qa8 17. Nd2 Rc8 18. Rxc8+ Qxc8 19. Nc4 Ba6 20. Nd6
1-0

[Event "A Slow, Leisurely Stroll Through the World of Ches"]
[Site "SchemingMind.com"]
[Date "2009.08.08"]
[Round "-"]
[White "fishofchaos"]
[Black "CRIS PORTI"]
[Result "1-0"]
[WhiteCountry "ENG"]
[BlackCountry "ARG"]
[WhiteElo "1947"]
[WhiteRD "75"]
[BlackElo "1781"]
[BlackRD "86"]
[GameID "215105"]

1. d4 Nf6 2. c4 g6 3. Nc3 d5 4. cxd5 Nxd5 5. Bd2 Nxc3 6. Bxc3 Bg7 7. e4 O-O 8. Nf3 b6 9. Bd3 Bb7 10. O-O Nd7
11. Rc1 c5 12. d5 Bxc3 13. Rxc3 Qc7 14. b4 a5 15. bxc5 Nxc5 16. Qd2 Rac8 17. Bb5 Qd6 18. Re1 Rc7 19. Qh6 f6 20. Nd4 e5
21. Rxc5 Rxc5 22. Ne6 Rxb5 23. Qg7#
1-0

[Event "A Slow, Leisurely Stroll Through the World of Ches"]
[Site "SchemingMind.com"]
[Date "2009.08.08"]
[Round "-"]
[White "e_castle3"]
[Black "fishofchaos"]
[Result "0-1"]
[WhiteCountry "PHI"]
[BlackCountry "ENG"]
[WhiteElo "1747"]
[WhiteRD "69"]
[BlackElo "1912"]
[BlackRD "75"]
[GameID "215106"]

1. g3 d5 2. Bg2 c6 3. Nf3 Bg4 4. O-O e6 5. h3 Bh5 6. g4 Bg6 7. d3 Bd6 8. b3 Ne7 9. Bb2 O-O 10. Nc3 Nd7
11. Qd2 f5 12. Ng5 Rf6 13. gxf5 Nxf5 14. Nd1 e5 15. Ne3 Nh4 16. Ng4 Rf5 17. Nf3 Nxg2 18. Kxg2 Qe7 19. e4 Rf4 20. Rfe1 dxe4
21. dxe4 Raf8 22. Rad1 Rxf3 23. Qxd6 Qh4 24. Qe6+ Kh8 25. Qxd7 Qxh3+ 26. Kg1 Rg3+ 27. fxg3 Qxg3+ 28. Kh1 Rf1+
0-1

[Event "A Slow, Leisurely Stroll Through the World of Ches"]
[Site "SchemingMind.com"]
[Date "2009.08.07"]
[Round "-"]
[White "agarr"]
[Black "fishofchaos"]
[Result "0-1"]
[WhiteCountry "RUS"]
[BlackCountry "ENG"]
[WhiteElo "1704"]
[WhiteRD "82"]
[BlackElo "1912"]
[BlackRD "75"]
[GameID "215107"]

1. e4 c5 2. Nf3 e6 3. Nc3 a6 4. a4 Qc7 5. b3 Nc6 6. Bb2 Nf6 7. Bc4 Be7 8. O-O O-O 9. d4 cxd4 10. Nxd4 Ne5
11. Bd3 b6 12. f4 Bc5 13. Ne2 Nxd3 14. cxd3 Bb7 15. Ba3 Rfc8 16. Bxc5 Qxc5 17. Kh1 Qh5 18. Ng3 Qh6 19. f5 d5 20. fxe6 fxe6
21. Nxe6 Nxe4 22. dxe4 Qxe6 23. exd5 Bxd5 24. b4 Rd8 25. Qg4 Qxg4
0-1

[Event "A Slow, Leisurely Stroll Through the World of Ches"]
[Site "SchemingMind.com"]
[Date "2009.08.07"]
[Round "-"]
[White "norlavuaram"]
[Black "fishofchaos"]
[Result "1/2-1/2"]
[WhiteCountry "PER"]
[BlackCountry "ENG"]
[WhiteElo "1805"]
[WhiteRD "87"]
[BlackElo "1912"]
[BlackRD "75"]
[GameID "215108"]

1. e4 c5 2. Nf3 e6 3. Nc3 a6 4. d4 cxd4 5. Nxd4 b5 6. a3 Bb7 7. Be2 d6 8. O-O Nf6 9. Bg5 Be7 10. Bf3 Nbd7
11. Re1 Ne5 12. Bxf6 Bxf6 13. Be2 Qb6 14. Nf3 O-O 15. Nxe5 Bxe5 16. Bf3 Rac8 17. Qd3 Rc5 18. Nd1 Qc7 19. c3=
1/2-1/2

[Event "A Slow, Leisurely Stroll Through the World of Ches"]
[Site "SchemingMind.com"]
[Date "2009.08.07"]
[Round "-"]
[White "Ivancic"]
[Black "fishofchaos"]
[Result "0-1"]
[WhiteCountry "AUS"]
[BlackCountry "ENG"]
[WhiteElo "1943"]
[WhiteRD "75"]
[BlackElo "1947"]
[BlackRD "75"]
[GameID "215109"]

1. e4 c5 2. Nf3 e6 3. d4 cxd4 4. Nxd4 a6 5. Bd3 Nf6 6. O-O Qc7 7. Qe2 d6 8. c4 g6 9. Nc3 Bg7 10. Be3 Nbd7
11. f4 O-O 12. b4 b6 13. Rac1 Bb7 14. Nb3 Rac8 15. Na4 Nxe4 16. Bxe4 Bxe4 17. c5 b5 18. cxd6 Qxd6 19. Nac5 Ba8 20. f5 exf5
21. Rcd1 Qc6 22. Rxd7 Rfe8 23. Rd3 Bh6 24. Rf3 f4 25. Na5 Qf6 26. Nd7 Qe6 27. Rf1 f3 28. Nf6+ Qxf6 29. gxf3 Bxe3+ 30. Rxe3 Rxe3
31. Qxe3 Rc2 32. Rf2 Rc3 33. Qe8+ Kg7 34. Qxa8 Rc1+ 35. Kg2 Qg5+ 36. Kh3 Rg1 37. Qe4 Qh5+
0-1

[Event "A Slow, Leisurely Stroll Through the World of Ches"]
[Site "SchemingMind.com"]
[Date "2009.08.07"]
[Round "-"]
[White "tyler_ensor"]
[Black "fishofchaos"]
[Result "0-1"]
[WhiteCountry "CAN"]
[BlackCountry "ENG"]
[WhiteElo "1738"]
[WhiteRD "67"]
[BlackElo "1900"]
[BlackRD "77"]
[GameID "215110"]

1. b3 d5 2. Bb2 Bg4 3. d3 Nf6 4. Nd2 e6 5. g3 Bc5 6. Bg2 c6 7. Ngf3 Nbd7 8. O-O O-O 9. c4 a5 10. cxd5 exd5
11. a3 Re8 12. Re1 Qb6 13. Ne5 Nxe5
0-1

[Event "A Slow, Leisurely Stroll Through the World of Ches"]
[Site "SchemingMind.com"]
[Date "2009.08.08"]
[Round "-"]
[White "CRIS PORTI"]
[Black "fishofchaos"]
[Result "1-0"]
[WhiteCountry "ARG"]
[BlackCountry "ENG"]
[WhiteElo "1803"]
[WhiteRD "88"]
[BlackElo "1900"]
[BlackRD "77"]
[GameID "215111"]

1. e4 c5 2. Nf3 e6 3. d4 cxd4 4. Nxd4 a6 5. c4 Nf6 6. Nc3 Bb4 7. Bd3 Nc6 8. Ne2 Qc7 9. Bd2 Ne5 10. Bf4 d6
11. Bxe5 dxe5 12. Qa4+
1-0